General Knowledge - A - Statistics

General Stats
  • This quiz has been taken 31 times
  • The average score is 11 of 15
Answer Stats
Hint Answer % Correct
What is the longest river in the world? Amazon
97%
What is the capital city of Greece? Athens
97%
What is the chemical symbol for Gold? Au
97%
Which continent is known as the Dark Continent? Africa
90%
What is the U.S state known as "The Last Frontier"? Alaska
90%
What is the term for a word that has the opposite meaning of another word? Antonym
84%
What is the name of the Greek Goddess of wisdom and warfare? Athena
84%
Which scientist developed the theory of general relativity? Albert Einstein
81%
What is the name of the longest mountain range in the world? Andes
77%
What is the name of the ancient citadel located in Athens? Acropolis
71%
Who is the famous actress that starred in Breakfast at Tiffany's and My Fair Lady? Audrey Hepburn
71%
What is the largest desert in the world? Antarctic
68%
What is the term for the fear of heights? Acrophobia
52%
What is the name of the Greek God of the sun, music and healing? Apollo
45%
Which Shakespeare play features the characters Rosalind and Oralando? As You Like It
13%
No matching quizzes found
Score Distribution
Percent of People with Each Score
Percentile by Number Answered
Your Score History
You have not taken this quiz